01752nam a22002417a 450000500170000000800410001702000180005804000070007604100120008308200180009510000280011324500620014126000400020330000260024336500600026952009220032965000200125165000190127170000300129094200120132099900190133295201590135120220221092320.0220216b ||||| |||| 00| 0 eng d a9780143456506 cAL aEnglish 223bCHAIa305 aMiniya Chatterji921315 aIndian Instincts: Essays on Freedom and Equality in India aHaryanabPenguin Random Housec2022 a332 p.bPBc20x13 cm. aBLCR-000122b₹319.20c₹d₹399.00e20%f15-02-2022 aFrom tracing the possible first arrival of man in India to writing about love, sex, money, parenting and values in Indian society and discussing nationalism, religion and democracy, Miniya Chatterji presents an accessible yet brilliant intellectual treatise about issues that affect Indians the most. Indian Instincts is a seminal and deeply philosophical work, presented tactfully with entertaining and memorable instances. It is a must-read for anyone who wants to know what makes an Indian. The vivid and insightful examples make us reflect: Are we willingly entrapped in the institutions of our own making? Have these institutions-the government, corporations, religion-become sources of the problem in India, increasing economic inequality? This book, a collection of fifteen powerful essays that argue for greater equality and opportunity in contemporary India, holds up a mirror to what we Indians have become. aEquality921316 aLiberty921317 aCHATTERJI (Miniya)920303 2ddccBK c221525d221525 00102ddc40708PSaALbALd2022-02-16eNavaKarnataka Publications Pvt.Ltdg319.20l0o305.0954 CHAIp075457r2022-02-16 00:00:00v399.00w2022-02-16yBK